Čerpanie prostriedkov z fondu regionálneho rozvoja diplomová práca

Uložené v:
Podrobná bibliografia
Hlavný autor: Kusendová, Jarmila
Korporativný autor: Fakulta podnikového manažmentu EU. Katedra podnikových financií
Ďalší autori: Jánošová, Veronika, 1953-
Médium: Kniha
Jazyk:Slovak
Vydavateľské údaje: Bratislava 2009
Tagy: Pridať tag
Žiadne tagy, Buďte prvý, kto otaguje tento záznam!

MARC

LEADER 00000nam$a2200000$$$4500
001 0101469
005 20240319124435.1
041 0 |a slo 
044 |a SK 
245 1 0 |a Čerpanie prostriedkov z fondu regionálneho rozvoja  |b diplomová práca  |c Jarmila Kusendová ; škol. Veronika Jánošová 
264 1 |a Bratislava  |c 2009 
300 |a 90 s. 
100 1 |a Kusendová, Jarmila 
700 1 |a Jánošová, Veronika, 1953- 
710 2 |a Fakulta podnikového manažmentu EU. Katedra podnikových financií